| 000 | 00467nam a2200169 i 4500 | ||
|---|---|---|---|
| 001 | 37574 | ||
| 003 | ES-MaACL | ||
| 005 | 20241215063020.0 | ||
| 007 | t| | ||
| 008 | 030221s1972 sp ||||1| spa d | ||
| 100 | 1 |
_aBueno, Gustavo, _d1924-2016 _9160678 |
|
| 245 | 1 | 0 |
_aEnsayos materialistas / _cGustavo Bueno. |
| 260 |
_aMadrid : _bTaurus, _c[1972] |
||
| 300 |
_a473 p. ; _c21 cm. |
||
| 852 |
_aES-MaACL _jC-46421 _bR.83376 |
||
| 999 |
_c37574 _d37574 |
||